|
|
|
|
| LEADER |
01009nam a2200325 4500 |
| 001 |
DLU090097940 |
| 005 |
##20091201 |
| 040 |
# |
# |
|a DLU
|b eng
|
| 041 |
# |
# |
|a eng
|
| 044 |
# |
# |
|a uk
|
| 100 |
# |
# |
|a Griesser, Michael.
|
| 245 |
# |
# |
|a Vigilance and predation of a forest-living bird species depend on large-scale habitat structure /
|c Michael Griesser, Magdalena Nystrand.
|
| 653 |
# |
# |
|a Delayed dispersal
|
| 653 |
# |
# |
|a Family group
|
| 653 |
# |
# |
|a Goshawk Accipiter gentilis
|
| 653 |
# |
# |
|a Population dynamics
|
| 653 |
# |
# |
|a Predation
|
| 653 |
# |
# |
|a Risk taking
|
| 653 |
# |
# |
|a Sparrow hawk Accipiter nisus
|
| 700 |
# |
# |
|a Nystrand, Magdalena.
|
| 773 |
# |
# |
|t Behavioral ecology
|g Vol. 20, no. 4 (July-August 2009), p. 709-715
|
| 920 |
# |
# |
|a Phòng Tạp chí -- Trung tâm Thông tin - Thư viện Trường Đại học Đà Lạt
|
| 994 |
# |
# |
|a DLU
|
| 900 |
# |
# |
|a True
|
| 911 |
# |
# |
|a Trương Bảo Trâm Anh
|
| 925 |
# |
# |
|a G
|
| 926 |
# |
# |
|a A
|
| 927 |
# |
# |
|a BB
|
| 980 |
# |
# |
|a Thư viện Trường Đại học Đà Lạt
|